وتلك الأيام / (رقم التسجيلة. 81292)

تفاصيل مارك
000 -الفاتح
حقل البيانات ثابتة الطول 00743nam a2200217 4500
003 - محدد رقم الضبط
رقم الضبط OSt
005 - وقت وتاريخ اخر تعامل مع التسجيلة
رقم الضبط 20220806093835.0
008 - عناصر البيانات ثابتة الطول - معلومات عامة
حقل البيانات ثابتة الطول 220806b2021 ||||g |||| 00| 0 ara d
020 ## - الرقم الدولى المعيارى للكتب
الرقم الدولى المعيارى للكتاب 9789921730333
040 ## - مصدر الفهرسة
وكالة الفهرسة الأصلية Ma-Un
وكالة النسخ Ma-Un
082 04 - رقم تصنيف ديوى العشرى
رقم التصنيف 920.02
رقم المادة ش أ و
رقم الطبعة 21
100 1# - المدخل الرئيسى - إسم شخصى
الإسم الشخصى شرقاوي، أدهم
245 10 - بيان العنوان
العنوان وتلك الأيام /
بيان المسئوليه,etc أدهم شرقاوي (قس بن ساعدة).
246 33 - العنوان الموازى
عنوان صحيح/عنوان مختصر تلك الأيام
260 ## - PUBLICATION, DISTRIBUTION, ETC. (IMPRINT)
مكان الناشر او الموزع [د. م] :
اسم الناشر او الموزع دار كلمات للنشر والتوزيع،
تاريخ النشر أو التوزيع 2021
تاريخ النشر هجري [1442]
300 ## - الوصف المادى
التعداد 405 ص. ؛
أبعاد الوعاء 24 سم.
504 ## - تبصرة ببليوجرافية
تبصرة ببليوجرافية,الخ يشتمل على قائمة ببليوجرافية.
650 #7 - المدخل الاضافى بالموضوع-مصطلح موضوعى
مصطلح موضوعي أو اسم جغرافي كعنصر مدخل التراجم
952 ## - LOCATION AND ITEM INFORMATION (KOHA)
نوع المادة فى نظام كوها كتاب
653 #7 - مصطلح تكشيفى غير مقيد
مصطلح غير مقيد المجموعات العامة للتراجم
942 ## -
-- ddc
-- BOOK
المقتنيات
حالة الفقد نموذج السعر الفعال حالة تلف ليس للاعارة تاريخ الاكتساب رقم الطلب تاريخ الاكتساب الموقع الحالي الباركود الفرع الرئيسي Date last seen مصدر التصنيف او خطة الترفيف Total Checkouts
  2022-08-06     2022-08-06 920.02 ش أ و 2022-08-06 CL 0100024506924 المكتبة المركزية بالمجمعة (CL) 2022-08-06 Dewey Decimal Classification